000 00740nam a2200241 a 4500
008
020 _a0333271971 (pbk.)
049 _aMAIN
090 _aHD2731
_bHAR
100 1 _aHarvey, J.
_q(Jack)
245 1 4 _aThe organisation in its environment :
_bbusiness in the mixed economy /
_cJ. Harvey.
260 _aLondon :
_bMacmillan,
_c1980.
300 _ax, 358 p. :
_bill. ;
_c24 cm.
500 _aIncludes index.
650 0 _aEconomics.
650 0 _aCivics, British.
740 _aThe organization and its environment: Business in the mixed economy.
907 _a.b10052823
_b27-04-12
_c17-04-03
003
005 20230123133227.0
040 _cNUST
942 _cBOOKS
_kHD2731
_mHAR
999 _c144944
_d144944